|
|
|
|
| LEADER |
01580nam a2200409Ia 4500 |
| 001 |
EBC3445244 |
| 003 |
MiAaPQ |
| 005 |
20200520144314.0 |
| 006 |
m o d | |
| 007 |
cr cn||||||||| |
| 008 |
050225s2006 wiu sb s001 0 eng d |
| 010 |
|
|
|z 2005005458
|
| 020 |
|
|
|z 0299212904 (cloth : alk. paper)
|
| 020 |
|
|
|z 9780299212902
|
| 020 |
|
|
|z 9780299212933
|
| 035 |
|
|
|a (MiAaPQ)EBC3445244
|
| 035 |
|
|
|a (Au-PeEL)EBL3445244
|
| 035 |
|
|
|a (CaPaEBR)ebr10594383
|
| 035 |
|
|
|a (CaONFJC)MIL386281
|
| 035 |
|
|
|a (OCoLC)813846531
|
| 040 |
|
|
|a MiAaPQ
|c MiAaPQ
|d MiAaPQ
|
| 050 |
|
4 |
|a HB3589
|b .D35 2006
|
| 082 |
0 |
4 |
|a 304.6/2/094170904
|2 22
|
| 100 |
1 |
|
|a Daly, Mary E.
|
| 245 |
1 |
4 |
|a The slow failure
|h [electronic resource] :
|b population decline and independent Ireland, 1922-1973 /
|c Mary E. Daly.
|
| 260 |
|
|
|a Madison, WI :
|b University of Wisconsin Press,
|c c2006.
|
| 300 |
|
|
|a xiv, 438 p.
|
| 490 |
0 |
|
|a History of Ireland and the Irish diaspora
|
| 504 |
|
|
|a Includes bibliographical references (p. 331-416) and index.
|
| 533 |
|
|
|a Electronic reproduction. Ann Arbor, MI : ProQuest, 2015. Available via World Wide Web. Access may be limited to ProQuest affiliated libraries.
|
| 651 |
|
0 |
|a Ireland
|x History
|y 20th century.
|
| 651 |
|
0 |
|a Ireland
|x Population
|x History
|y 20th century.
|
| 651 |
|
0 |
|a Ireland
|x Emigration and immigration
|x History
|y 20th century.
|
| 651 |
|
0 |
|a Ireland
|x History
|y 1922-
|
| 655 |
|
4 |
|a Electronic books.
|
| 710 |
2 |
|
|a ProQuest (Firm)
|
| 856 |
4 |
0 |
|u https://ebookcentral.proquest.com/lib/matrademy/detail.action?docID=3445244
|z Click to View
|